000
00291nam a22001337a 4500
008
181012b xxu||||| |||| 00| 0 eng d
020
_a
0060668563
041
_a
eng
080
_a
201
100
_a
24
101
_a
TEO
245
_a
American Civil Religion
_c
Richey, R.E
942
_2
udc
_c
BK
999
_c
49591
_d
49591